000 00944nam a22002535i 4500
001 18581
003 ES-MaACL
005 20251004063045.0
007 t|
008 011031s1992 sp ||||0| spa
020 _a84-00-07298-7
080 _a1 Al-Kindi, Ya'qub b. Ishaq
100 1 _aTornero Poveda, Emilio,
_d1947-
_9110670
245 1 0 _aAl-Kindi
_b: la transformación de un pensamiento religioso en un pensamiento racional /
_cEmilio Tornero Poveda.
260 _aMadrid :
_bConsejo Superior de Investigaciones Científicas,
_c1992.
300 _a350 p ;
_c21 cm.
490 1 _aPensamiento islámico ;
_v3
504 _aBibliografía: p. [333]-350.
600 1 4 _aAl-Kindi, Ya'qub b. Ishaq-
_xCrítica e interpretación.
_919052
710 2 _aConsejo Superior de Investigaciones Científicas (España)
_93236
830 1 _aPensamiento islámico ;
_v3
_9228815
852 _aES-MaACL
_jL-25144
999 _c18581
_d18581